000 00457nam a2200133Ia 4500
008 100328s9999 xx 000 0 und d
082 _b51135
100 _aकेळकर ग.म.
245 _aअद्वितीय साहसकथा-भाग-1
260 _bपुरंदरे
630 _aअद्वितीय साहसकथा-भाग-1
730 _aअद्वितीय साहसकथा-भाग-1
942 _cBOOK
999 _c538127
_d538124